| 000 | 00343 a2200145 4500 | ||
|---|---|---|---|
| 001 | 149064 | ||
| 040 | _cEscola São Tomás de Aquino | ||
| 100 | _aCHILD, Lauren | ||
| 240 | 1 | 0 |
_aEu não quero dormir agora _lpor |
| 245 | 1 | 0 | _aEu não quero dormir agora |
| 362 | 0 | _a2008 | |
| 440 | 1 | _aÁtica | |
| 697 | _a*LITERATURA INFANTO | ||
| 942 | _cBK | ||
| 999 |
_c149064 _d149064 |
||